000 00275nam a22001097a 4500
008 170123b xxu||||| |||| 00| 0 eng d
020 _a9781591952138
041 _aeng
080 _29TH
_a618.2
245 _aDRUG INFORMATION HANDBOOK OF NURSING
_cTURKOSKI, B,B
942 _2udc
_cBK
999 _c3368
_d3368